|
|
|
|
| LEADER |
01187nam a22002772a 4500 |
| 001 |
000080342 |
| 003 |
CZ BrMZK |
| 005 |
20131216220850.0 |
| 007 |
ta |
| 008 |
950101s1965 xr f cze d |
| 015 |
|
|
|a cnb000825687
|
| 040 |
|
|
|a BOA001
|b cze
|
| 041 |
0 |
|
|a cze
|a lat
|
| 100 |
1 |
|
|a Bartoš, František Michálek,
|d 1889-1972
|7 jk01010904
|4 com
|
| 245 |
1 |
0 |
|a Soupis pramenů k literární činnosti Jana Husa a Jeronýma Pražského =
|b Catalogus fontium M. Johannis Hus et M. Hieronymi Pragensis opera exhibentium /
|c František Michálek Bartoš, Pavel Spunar
|
| 246 |
3 |
0 |
|a Catalogus fontium M. Johannis Hus et M. Hieronymi Pragensis opera exhibentium /
|
| 260 |
|
|
|a Praha :
|b Historický ústav ČSAV,
|c 1965
|
| 300 |
|
|
|a 369 s.
|
| 500 |
|
|
|a Rozmnoženo
|
| 546 |
|
|
|a Souběžný český a latinský název a úvod
|
| 700 |
1 |
|
|a Spunar, Pavel,
|d 1928-2025
|7 jk01120713
|4 com
|
| 910 |
|
|
|a BOA001
|b 2-0551.074
|
| 990 |
|
|
|a BK
|
| 991 |
|
|
|b 201312
|
| 996 |
7 |
|
|b 2619873895
|c 2-0551.074
|l Sklad H1
|r Sklad / do 24 hodin
|n 33
|h HS212
|w 000080342
|u 000020
|a 1
|e BOA001
|j MZK50
|s A
|
| 996 |
6 |
|
|b 2619977113
|c 2-0551.074
|l Stud. starých tisků/4.patro
|r PST
|n 0
|h SL3
|w 000080342
|u 000010
|a 1
|e BOA001
|j MZK50
|s P
|